Pictorial Library of Bible Lands Vol 8 : Turkey / Todd Bolen (Registro nro. 42569)
[ vista simple ]
| 000 -LÍDER | |
|---|---|
| Campo fijo de descripción fija | 003430000a22001330004500 |
| 001 - NÚMERO DE CONTROL | |
| Campo de control | 13612 |
| 100 1# - ASIENTO PRINCIPAL--NOMBRE PERSONAL | |
| Nombre personal | Bolen, Todd |
| 245 10 - TÍTULO | |
| Título del Material | Pictorial Library of Bible Lands Vol 8 : Turkey / Todd Bolen |
| 336 ## - CONTENT TYPE | |
| Content type term | texto |
| Content type code | txt |
| Source | rdacontent |
| 337 ## - MEDIA TYPE | |
| Source | rdamedia |
| Media type term | sin mediación |
| Media type code | n |
| 338 ## - CARRIER TYPE | |
| Source | rdacarrier |
| Carrier type term | volumen |
| Carrier type code | nc |
| 942 ## - TIPO DE MATERIAL (KOHA) | |
| Tipo de Item KOHA | Libros General |
| Estado de Material | Estado de Perdido | Estado de Dañado | No para Préstamo | Colección | Tomo | Biblioteca de Origen | Biblioteca Permanente | Fecha de Adquisición | Total de Préstamos | Signatura Topográfica | Código de Barras | Última vez visto | Ejemplar/Existencia | Fecha de Remplazo | Tipo de Material |
|---|---|---|---|---|---|---|---|---|---|---|---|---|---|---|---|
| Colección Audiovisual | Biblioteca FUSBC | Biblioteca FUSBC | 07/03/2006 | 15546 | 12/12/2019 | Ej. 1 | 26/01/2016 | CD |
